000 00292nam a2200109Ia 4500
008 190914s9999||||xx |||||||||||||| ||und||
100 _aHopcroft
245 0 _aIntroduction to Automata Theory Languages and Computation
260 _aCanada
_bPrentice Hall
_c2002
300 _a469
942 _cBK
999 _c9852
_d9852